[Event "Wch U20"]
[Site "Yerevan"]
[Date "2007.10.11"]
[Round "8"]
[White "Adly, Ahmed"]
[Black "Laznicka, Viktor"]
[Result "1-0"]
[WhiteElo "2494"]
[BlackElo "2610"]
[Annotator "Adly,A"]
[PlyCount "55"]
[EventDate "2007.10.03"]
[EventType "swiss"]
[EventRounds "13"]
[EventCountry "ARM"]
[SourceTitle "CBM 121"]
[Source "ChessBase"]
[SourceDate "2007.11.14"]
[SourceVersion "1"]
[SourceVersionDate "2007.11.14"]
[SourceQuality "1"]

{This game was in the 8th round after the free day... and I found that most of
my opponent's openings against d4 were only looking for a draw.  Diese Partie
wurde in der 8. Runde nach dem Ruhetag gespielt... und ich hatte festgestellt,
dass die meisten der Eröffnungen meines Gegner gegen d4 nur auf Remis angelegt
waren.} 1. e4 {So my idea to play e4 for 2nd time in my life in a real match
was to get a complicated position using my best friend's (Amin,B) favourite
opening (King's Indian Attack). Meine Idee dabei, zum zweiten Mal in meinem
Leben in einer richtigen Turnierpartie e4 spielen, war, eine komplizierte
Stellung zu erreichen, und zwar mit der Lieblingseröffnung (Königsindischer
Angriff) meines besten Freundes (B. Amin).} c5 2. Nf3 e6 3. d3 Nc6 4. g3 d5 5.
Nbd2 Nf6 6. Bg2 Be7 7. O-O b6 8. Re1 (8. e5 $6 {comitting the centre should be
played later: mit Festlegung des Zentrums sollte erst später erfolgen:} Nd7 9.
Re1 Qc7 10. Qe2 g5 $15 {Elgabry,M-Adly,A Egy league2003}) 8... Bb7 9. e5 Nd7
10. c4 $1 {Proving that Black is quite slow because of the early Be7.
Unterstreicht, dass Schwarz recht langsam ist, und zwar wegen des frühen Be7.}
(10. Nf1 $2 Qc7 11. Qe2 O-O-O $15 {Movsesian used this idea against Delchev.
And he turned to be using a very slow plan. Diese Idee wandte Movsesian gegen
Delchev an. Und dabei verfolgte einen sehr langsamen Plan.}) 10... Qc7 11. cxd5
exd5 12. d4 {A logical move completing the control of the centre and opening
up more ideas for White. Ein logischer Zug; das Zentrum wird vollständig
kontrolliert, und es eröffnen sich weitere Ideen für Weiß.} Nf8 (12... cxd4 $2
{Of course taking this pawn is strategically out: Das Nehmen dieses Bauern ist
natürlich strategisch verfehlt:} 13. Nb3 O-O (13... Ndxe5 14. Nxe5 Nxe5 15. Bf4
f6 16. Nxd4 $16) 14. Bf4 $16) 13. Nf1 (13. dxc5 bxc5 14. Nb1 Rd8 15. Nc3 Ne6 {
leads to the same ideas but without the possibility of using the f5-square.
führt zu gleichen Ideen, aber ohne die Möglichkeit, das Feld f5 zu nutzen.})
13... Ne6 14. dxc5 bxc5 15. Ne3 (15. Qxd5 {This wouldn't lead to big chances
for White to win because after Dies würde Weiß keine großen Siegchancen
bescheren, denn nach} Ncd4 16. Qxb7 Qxb7 17. Nxd4 Qc8 18. Bc6+ Kf8 19. Nxe6+
fxe6 20. Bxa8 Qxa8 $13 {it would be quite hard to win. wäre es ziemlich schwer
zu gewinnen.}) 15... d4 $2 {White is happy now because of the weakening which
has happened now that Black has advanced his hanging pawn. Nun kann Weiß sich
freuen, denn mit dem Vorstoß seines hängenden Bauern hat Schwarz sich
Schwächen geschaffen.} (15... Rd8 16. Nf5 (16. Nxd5 {again taking the pawn is
not so clear: das Schlagen des Bauern ist wieder nicht so klar:} Rxd5 17. Qxd5
Ncd4 18. Qxb7 Ne2+ 19. Rxe2 Qxb7 $13) 16... O-O 17. Bd2 $36) 16. Nd5 Qd7 17.
Nd2 $1 {Now White is using the weakness caused by d4 (the d5- and c4-squares).
Weiß macht sich daran, die durch d4 geschaffenen Schwächen auszunutzen (Felder
d5 und c4).} Nb4 (17... O-O $142 {but still a lot of advantage for White!! ,
auch wenn Weiß trotzdem großen Vorteil hat!!}) 18. Nxe7 Bxg2 (18... Qxe7 19.
Ne4 O-O 20. a3 Nd5 21. f4 $16) 19. Nf5 {Exploiting another weakness of the
hanging pawns and preventing the king from castling next move. Nutzt eine
weitere der hängenden Bauern aus und hindert den schwarzen König daran, im
nächsten Zug zu rochieren.} Bd5 20. Ne4 {Bringing more pieces into the attack.
Schaltet weitere Figuren in den Angriff ein.} (20. Nd6+ Kf8 21. N2e4 d3 22. b3
Rd8 (22... Nd4 23. Ba3 $16) 23. Bb2 $16) 20... Kf8 ({Still Black can't play
Noch immer ist} 20... O-O {unmöglich wegen} {because of} 21. Nxg7 Kxg7 (21...
Bxe4 22. Nxe6 (22. Nh5 f5 $8 $19) 22... Qxe6 23. Rxe4 $16) 22. Nf6 Qb5 23. Qg4+
Kh8 24. a3 $18) 21. a3 $6 {Quite a bad move, pushing the bad N to the middle
of the board being afraid of d3 and Nc2.. although it's not really a good idea
for Black. Ein ziemlich schlechter Zug, der den schlechten N in die Brettmitte
treibt aus Angst vor d3 und Nc2... obwohl die Idee gar nicht so gut ist für
Schwarz.} (21. Nfd6 $142 d3 22. b3 Nd4 23. Be3 Qe7 24. Bxd4 cxd4 25. Nc5 $16)
21... Nc6 22. Qh5 $6 {Hurrying up to attack and missing Bxe4. Stürzt sich in
den Angriff und übersieht Bxe4.} (22. f4 $5) (22. Nxg7 $5 Nxg7 23. Nf6 Qe6 24.
Bh6 Ne7 $13) 22... d3 $2 (22... Bxe4 23. Rxe4 g6 24. Qh6+ Kg8 25. Nd6 Nxe5 26.
Rxe5 Qxd6 27. Bf4 $17) {Now all White's pieces are ready for the attack and it
is time to finish the game: Nun stehen sämtliche weißen Figuren zum Angriff
bereit, und es ist Zeit, die Partie zu beenden:} 23. Nf6 $3 gxf6 (23... Qd8 24.
Nd6 $18) 24. Qh6+ Kg8 (24... Ke8 25. Qxf6 Rg8 26. Nd6+ Kf8 27. Bh6+ Ng7 28. Nf5
Qe6 29. Nxg7 Qxf6 30. exf6 $18) 25. exf6 Re8 26. Bf4 Rc8 (26... Ncd4 27. Nxd4
cxd4 28. Rxe6 (28. Re5 Be4 29. Rxe4 $18) 28... fxe6 29. Qg5+ Kf8 (29... Kf7 30.
Qg7#) 30. Bd6+ Re7 31. Qg7+ Ke8 32. Qxh8+ Kf7 33. Qg7+ Ke8 34. Qg8#) 27. Bd6 $1
{Cutting off the last escape square for the king. Schneidet dem König das
letzte Fluchtfeld ab.} Ncd4 (27... Qxd6 28. Rxe6) 28. Qg7+ (28. Qf8+ Rxf8 29.
Nh6#) (28. Qg5+ Nxg5 29. Nh6#) 1-0

[Event "Bratto op 25th"]
[Site "Bratto"]
[Date "2005.08.21"]
[Round "2"]
[White "Lucaroni, Massimiliano"]
[Black "Atalik, Suat"]
[Result "0-1"]
[WhiteElo "2318"]
[BlackElo "2561"]
[Annotator "Atalik,S"]
[PlyCount "70"]
[EventDate "2005.08.20"]
[EventType "swiss"]
[EventRounds "9"]
[EventCountry "ITA"]
[SourceTitle "CBM 108 Extra"]
[Source "ChessBase"]
[SourceDate "2005.11.04"]
[SourceVersion "1"]
[SourceVersionDate "2005.11.04"]
[SourceQuality "1"]

1. e4 e6 2. Nf3 d5 3. e5 c5 4. b4 $6 {Which crazy guy did play this first, the
Dutch IM Barendregt or someone else?} cxb4 5. a3 Nh6 6. axb4 Bxb4 7. c3 Be7 8.
d4 Nf5 9. Bd3 {Basically white is a pawn down, but has some compensation. The
gambit is very popular in American Opens.} Nc6 (9... h5 $5 {deserves attention.
}) 10. g4 Nh6 $5 {A very strange move.} (10... Nh4 11. Nxh4 Bxh4 12. Nd2 Be7
$17) 11. h3 Bd7 12. O-O Rc8 13. Na3 a6 14. c4 Nb4 15. Be2 (15. c5 b6) 15...
dxc4 16. Nxc4 Bc6 $17 {Black's advantage is clear.} 17. Na5 Bd5 18. Bd2 O-O $1
19. Nb3 (19. Qb1 Rc2 $1 20. Bd1 Ra2 $17) 19... Nc2 20. Rb1 Na3 21. Rc1 Rxc1 (
21... b5 22. Bxh6 gxh6 23. Rxc8 Qxc8 $17) 22. Bxc1 (22. Nxc1 Nb1 $1 {was my
idea.}) 22... Qb6 23. Nbd2 (23. Nc5 Nb5 (23... Bxc5 24. dxc5 Qxc5 25. Qd3 Nb5
26. Ng5 g6 27. Nxe6 fxe6 28. Bxh6 Rf7 29. Be3 Qc3 $17) 24. Bxh6 Nc3 25. Qd3
Nxe2+ 26. Qxe2 gxh6 (26... Qc6 27. Nd2 gxh6 $17) 27. Qe3 (27. Nd7 Qc6 $19)
27... Qc6 28. Nd2 f6 $17) 23... Nb5 (23... Rd8 24. Bd3 Nb5 25. Bb2 Qc6 26. Qb1
$44) (23... Rc8 24. Bd3 Qc6 25. Qe2 Nc2 26. Bb2 $44) 24. Bb2 Rc8 25. Bd3 Nc3
26. Bxc3 Rxc3 27. Ne4 Rc8 28. Qd2 {All of a sudden I started to feel the
liability of Nh6.} Qc7 $6 (28... Qd8 29. Qf4 (29. Neg5 g6 $1 30. Ne4 (30. Nxe6
$2 fxe6 31. Qxh6 Bxf3 32. Bxg6 hxg6 33. Qxg6+ Kf8 $19) 30... Kg7 $19) 29... Kh8
30. Nfg5 b5) (28... Kh8 29. Qf4 Qb3 30. Bb1 Qa3 31. Neg5 $44) 29. Nfg5 $2 ({
I was really afraid of} 29. Nf6+ Kh8 (29... gxf6 30. Qxh6 f5 31. gxf5 (31. Ng5
Bxg5 32. Qxg5+ Kf8 33. gxf5 Qc3 34. Qf6 Ke8) 31... Bf8 32. Qh5 h6 33. Kh2 Kh8
34. Rg1 f6 35. Nh4) (29... Bxf6 30. exf6 Qd8 (30... Bxf3 31. Qg5) 31. Ne5 Kh8
32. Rc1 Rxc1+ 33. Qxc1 Kg8 (33... Qf8 34. Qg5 Ng8 35. Nd7 gxf6 36. Qxd5 exd5
37. Nxf8) 34. Nd7 gxf6 35. Qxh6 Qxd7 36. Bxh7+ Kh8 37. Bg6+) 30. Nxd5 exd5 31.
g5 Ng8 32. Bf5 Rb8 33. Rc1 Qd8 34. Qf4 $44) 29... Kh8 (29... Qd8 30. f4 f6 $17)
30. f4 f6 $1 $19 {Finally my knight could come back in the game.} 31. exf6 gxf6
32. Nxh7 $2 (32. Nxe6 Bxe6 33. f5 Nxf5 34. gxf5 Rg8+ 35. Kh1 Bd5 $19) (32. Nf3
b5 $19) 32... Bxe4 33. Bxe4 f5 {Now he loses a piece.} 34. Ng5 (34. gxf5 exf5
$19) 34... fxe4 35. Nxe6 Qc3 (35... Qc3 36. Qxc3 Rxc3 37. f5 Rg3+ $19) 0-1

[Event "GRE-chT 30th"]
[Site "Athens"]
[Date "2001.07.08"]
[Round "2"]
[White "Papaioannou, Ioannis"]
[Black "Atalik, Suat"]
[Result "1/2-1/2"]
[WhiteElo "2591"]
[BlackElo "2537"]
[Annotator "Atalik,S"]
[PlyCount "106"]
[EventDate "2001.07.07"]
[EventType "team"]
[EventRounds "9"]
[EventCountry "GRE"]
[SourceTitle "EXT 2002"]
[Source "ChessBase"]
[SourceDate "2001.11.25"]
[SourceVersion "1"]
[SourceVersionDate "2001.11.25"]
[SourceQuality "1"]

1. e4 e6 2. b3 $5 {"Pap" s speciality.} d5 3. Bb2 a6 $6 $146 {I was happy with
my novelty before the game.} (3... Nf6 4. e5 Ng8 5. d4 c5 6. c3 Nc6 7. Nf3 cxd4
8. cxd4 Nge7 $13) 4. Qe2 $1 {But this is most likely the best reply.} d4 (4...
Nc6 $5 5. exd5 Qxd5 6. Nf3 Nf6 7. Nc3 $14) (4... dxe4 {makes no sens since
black good go for that the move before.} 5. Nc3 Nc6 6. Nxe4 (6. O-O-O Nd4 7.
Qxe4 Nf6) 6... Nge7 7. Nf3 (7. O-O-O Nd4 8. Qd3 Nec6 9. Nf3 Nxf3 10. Qxf3) 7...
Nf5 8. O-O-O Be7 9. d4 O-O 10. g4 Nd6) 5. c3 c5 $6 (5... Nc6 {comes into
consideration.} 6. Nf3 e5 7. Na3 Bg4 8. h3 Bh5 $13) (5... dxc3 $5 6. dxc3 e5 7.
Nf3 Nc6 8. Nbd2 Bc5 9. b4 Ba7 10. a4 f6 11. b5 Nce7 $1 $13) 6. f4 Nc6 7. Nf3
Nge7 8. Na3 Ng6 9. g3 e5 {Losing too much time and tempi.} (9... dxc3 10. dxc3
Be7 11. h4 $16) 10. f5 Nge7 11. Nc4 f6 12. a4 g6 $6 {That really looked risky.}
(12... Na5 13. b4 (13. Nfxe5 $2 fxe5 14. Nxe5 h5 $1 {and black is okay!}) 13...
Nxc4 14. Qxc4 dxc3 15. dxc3 (15. Bxc3 cxb4 16. Bxb4 Nc6 17. Bxf8 Rxf8 $13)
15... cxb4 16. cxb4 Nc6 17. Bc3 (17. b5 Qb6) 17... Qb6 18. Rb1 a5 19. b5 Bc5
$132) 13. a5 $1 $16 gxf5 14. Nh4 Be6 15. exf5 Bf7 16. Bg2 Nc8 (16... d3 17. Qe4
) 17. O-O Be7 18. cxd4 ({I was already concerned about some sacrificial
attempts.} 18. Bxc6+ bxc6 19. cxd4 exd4 $8 (19... cxd4 $2 20. Nxe5 $1 fxe5 21.
Qxe5 Rf8 22. f6 Qd5 23. Rfe1 $18)) 18... Nxd4 19. Bxd4 Qxd4+ 20. Kh1 Nd6 {
Black is in an awful shape.} 21. d3 $2 {Not the best.Since after even the text
move white secures a huge edge,this may not look as a bad move.However in
reality after the text black is lost but can always go to some endings where
he may put up a stiff resistance even with two pawns down.} (21. Nxd6+ $142
Qxd6 22. Bxb7 Ra7 (22... Rb8 23. Bxa6 (23. Qxa6 $4 Rxb7 $19 (23... Bd5+ $19))
23... Bd5+ 24. Kg1 Rxb3 25. Bb5+) 23. Be4 Bxb3 (23... O-O 24. Qg4+ Kh8 25. Ng6+
$18) 24. Rab1 c4 25. Qh5+ $18) 21... Rd8 22. Nf3 Qg4 23. Ncxe5 $1 $18 {Black
is stone cold lost.} fxe5 24. Qxe5 O-O 25. Qxe7 Nxf5 26. Qxc5 (26. Qxb7 $2 {
Of course this greedy move could even effect the result of the game.} Bd5 27.
Qc7 Ne3 $17) 26... Bxb3 $6 (26... Qh5 27. Kg1 Nxg3 28. Qxh5 Nxh5 29. Ne5 Bd5 {
looks more resilient.}) 27. Ne5 Qd4 28. Qxd4 Nxd4 29. Bxb7 (29. Rxf8+ Kxf8 30.
Bxb7 Bd5+ 31. Bxd5 Rxd5 $16) 29... Rxf1+ $2 (29... Bd5+ 30. Bxd5+ Rxd5 {
transposes to the last note.}) 30. Rxf1 Bd5+ 31. Bxd5+ Rxd5 32. Nc4 Nb3 33. Rf6
$1 {One of many things I have overlooked in this game.} Nxa5 34. Rxa6 Nb3 35.
Rd6 Rc5 {This point on,I started to show very stiff resistance which ended up
in sharing the point,though black's position is in deed hopeless.} 36. Rd7 Nc1
37. Nd2 Rc2 38. Ne4 h6 39. g4 Ne2 40. h4 $2 {A very bad move.Even with two
pawns up white needs the participation of his king in to the game to cash the
point.} (40. Kg2 $1 Nd4+ 41. Kg3 Ne2+ 42. Kh4 Nf4 43. d4 $18 {wins easily.})
40... Nf4 41. g5 $2 {In principle white has to be careful with the only
possible pawn exchange in the position.} ({Using the h pawn looks dangerous
for black.} 41. h5 Kf8 42. Rd6 Kg7 43. g5 hxg5 44. h6+ Kf7 45. Nxg5+ Ke7 46. h7
Rc8 47. Ra6 Rh8 48. d4 $18) 41... hxg5 42. hxg5 Re2 $1 43. Nf6+ Kf8 44. d4 Ng6
45. Nh7+ Kg8 46. Nf6+ Kf8 47. d5 $6 {It is already not that clear if white can
ever win this game.} (47. Kg1 Nf4 (47... Nh4 $6 48. Kf1 Rd2 49. Ne4 Rc2 50. d5
Nf5 51. d6 Ne3+ 52. Kg1 $18) 48. Kf1 Rg2 49. Ne4 (49. Nd5 $2 Rxg5 50. Nxf4 Rf5
$11) 49... Ra2 50. d5 $140 $2 Ra4 $1 {and the pawn falls.}) 47... Nh4 $1 {
Usually centralization works however sometimes the direction of the threat
could come from the wing.} (47... Ne5 $2 48. Rd8+ Kf7 49. Re8) 48. Nh7+ (48.
Rh7 Re1+ 49. Kh2 Nf3+ $11) 48... Kg8 $1 $11 {Black has to be extremely careful
in this position to achive a draw.} (48... Ke8 $2 49. Rd6 $1 Nf3 50. Rh6 $1 $16
(50. Re6+ $2 Rxe6 51. dxe6 Ke7 52. g6 Kxe6 $11)) 49. Kg1 Nf3+ 50. Kf1 Rd2 $8 {
Black set up the famous drawing mechanism.} 51. Nf6+ Kf8 52. Ng4 Nxg5 53. Ne5
Ne4 $1 {The best white can get is a drawish R+N vs R ending.} (53... Ne4 $1 54.
Ng6+ Ke8 $1 55. Re7+ Kd8 56. Rxe4 Rxd5 $11) 1/2-1/2

[Event "United Insurance 5th"]
[Site "Dhaka"]
[Date "2001.02.21"]
[Round "3"]
[White "Sandipan, Chanda"]
[Black "Davies, Nigel Rodney"]
[Result "0-1"]
[WhiteElo "2431"]
[BlackElo "2464"]
[Annotator "Atlas,V"]
[PlyCount "84"]
[EventDate "2001.02.19"]
[EventType "tourn"]
[EventRounds "13"]
[EventCountry "BAN"]
[EventCategory "8"]
[SourceTitle "CBM 082"]
[Source "ChessBase"]
[SourceDate "2001.05.17"]
[SourceVersion "1"]
[SourceVersionDate "2001.05.17"]
[SourceQuality "1"]

1. e4 e6 2. d3 d5 3. Nd2 c5 4. Ngf3 Nc6 5. g3 Nf6 6. Bg2 Be7 7. O-O O-O 8. Re1
b5 9. e5 Ne8 10. Nf1 a5 11. h4 b4 12. Bf4 a4 13. a3 bxa3 14. bxa3 Nc7 15. h5
Nb5 16. h6 g6 17. c4 Nbd4 18. Nxd4 Nxd4 19. Ne3 Bb7 20. Rb1 Bc6 21. Nc2 Qd7 22.
Nxd4 cxd4 23. cxd5 Bxd5 24. Bxd5 Qxd5 25. Ra1 Rfb8 26. Qd2 Rb3 27. Bg5 Bf8 28.
Re4 Rxa3 29. Rc1 Rc3 30. Rxc3 dxc3 31. Qxc3 a3 32. Re1 Qb7 33. Ra1 Rc8 34. Qd2
Qb2 35. Qe1 Bb4 36. Rc1 Rxc1 37. Qxc1 Bc3 38. Qf4 Bd4 39. Qf6 {[%tqu "En",
"With his last move White created a double threat: 40. Qg7# and 40.Qd8#. How
can Black parry it?","Try to eliminate White's most dangerous piece.","Do not
forget about your major trump - the advanced a-pawn.","b2f2","That's it! This
piece sacrifice, allowing Black to exchange queens, decides the game in
Black's favor. All other moves were losing for Black.",2]} Qxf2+ {[%csl Rf6,
Rg1,Rg5][%cal Ga3a1,Gd4g1]} 40. Qxf2 ({White cannot decline the "offer":} 40.
Kh1 Qg1#) 40... Bxf2+ 41. Kxf2 a2 42. Bf6 Kf8 ({Well,} 42... a1=Q {was easily
winning as well, but the text move, immediately bringing the black king into
play was, probably, just shocking for White, so he decided to give up without
continuing the entirely meaningless struggle.}) 0-1

[Event "AUT-chT 0001"]
[Site "Austria"]
[Date "2000.11.18"]
[Round "4.2"]
[White "Rolletschek, Heinrich"]
[Black "Atlas, Valeri"]
[Result "0-1"]
[WhiteElo "2314"]
[BlackElo "2468"]
[Annotator "Atlas,V"]
[PlyCount "68"]
[EventDate "2000.10.21"]
[EventType "team-tourn"]
[EventRounds "11"]
[EventCountry "AUT"]
[SourceTitle "CBM 080"]
[Source "ChessBase"]
[SourceDate "2001.01.25"]
[SourceVersion "1"]
[SourceVersionDate "2001.01.25"]
[SourceQuality "1"]
[WhiteTeam "Linz SK Voest"]
[BlackTeam "Hohenems SK"]
[WhiteTeamCountry "AUT"]
[BlackTeamCountry "AUT"]

1. e4 c5 2. Nf3 e6 3. d3 d5 4. Nbd2 Nf6 5. g3 b6 6. Qe2 Bb7 7. Bg2 Be7 8. e5
Nfd7 9. O-O Nc6 10. Re1 Qc7 11. Nf1 O-O-O 12. c3 h6 13. d4 g5 14. Be3 f5 15.
exf6 Bxf6 (15... Nxf6 $6 {is strongly met by} 16. h4 (16. Bc1 {is also
possible:} Ne4 17. N3d2 {, and White has better chances.}) 16... g4 17. N3h2 {
threatening 18.Bf4, with a large advantage.}) 16. Rac1 Rhe8 17. b4 Re7 $1 (
17... c4 $5 {also deserved attention:} 18. b5 Ncb8 19. h4 g4 20. N3h2 h5 21. f3
(21. Bf4 e5) 21... e5 {, with good counterplay.}) 18. N3d2 $6 {[%csl Re5][%cal
Gf2f4] Intending to play 19.f4 fixing the e6-pawn.Yet, Black has a radical
solution to the e-pawn problem...} ({After} 18. bxc5 bxc5 19. dxc5 e5 {Black
has dangerous initiative.}) 18... e5 $1 {[%csl Rd4][%cal Ge5d4,Gc5d4,Ge7e2]}
19. Bxd5 exd4 20. cxd4 Bxd4 21. bxc5 Nxc5 {[%csl Rd5,Re3][%cal Gd8d4,Ge7e2,
Gc6d4,Gb7d5,Gc5d3] After this move all Black pieces are perferctly interacting.
White has a worse position and should act very carefully to avoid material
losses.} 22. Bg2 $2 ({The bishop retreat loses an exchange.} 22. Qg4+ {was a
better alternative, although after} Qd7 23. Qxd7+ Rdxd7 24. Bxc6 Bxc6 25. Bxd4
Rxe1 26. Rxe1 Rxd4 $17 {Black has good winning chances in the ending.}) 22...
Bxe3 23. Nxe3 Nd3 {[%csl Rc1,Re1][%cal Gd3c1,Gd3e1]} 24. Rc2 {[%csl Rc6,Rc7,
Rc8][%cal Ge2e1,Ge1c1,Gc1c6,Gg2c6] The best chance. White is trying to exploit
his pressure along the c-file. Yet, Black has sufficient resources to
neutralize this pressure.} Nxe1 25. Qxe1 Kb8 26. Qc1 Re6 27. Bh3 Red6 (27...
Nd4 $5 28. Rxc7 Ne2+ 29. Kf1 Nxc1 30. Rxc1 Rxe3 31. fxe3 Rxd2) 28. Nf5 Rd5 29.
Ne3 (29. Nxh6 $2 {fails to} Qh7) 29... Rc5 $1 {The rook exchange dissolves
White's last illusions.} 30. Rxc5 bxc5 31. Bg4 Nd4 32. Qc4 Qb6 ({Black could
also play} 32... Qc6 33. f3 Ba6 {followed by Ne2+}) 33. Qc3 $2 Qc6 34. f3 Ne2+
0-1

[Event "Asia-ch"]
[Site "Kolkata"]
[Date "2001.08.14"]
[Round "7"]
[White "Donguines, Fernie"]
[Black "Adianto, Utut"]
[Result "0-1"]
[WhiteElo "2411"]
[BlackElo "2598"]
[Annotator "Atlas,V"]
[PlyCount "68"]
[EventDate "2001.08.09"]
[EventType "swiss"]
[EventRounds "11"]
[EventCountry "IND"]
[SourceTitle "CBM 085"]
[Source "ChessBase"]
[SourceDate "2001.11.13"]
[SourceVersion "1"]
[SourceVersionDate "2001.11.13"]
[SourceQuality "1"]

1. e4 c5 2. Nf3 e6 3. g3 d5 4. e5 Nc6 5. Bg2 f6 6. exf6 Nxf6 7. O-O Bd6 8. d4
O-O 9. c4 dxc4 10. dxc5 Bxc5 11. Nbd2 Qd3 12. Qa4 c3 13. bxc3 Qxc3 14. Nb3 Be7
15. Bd2 Qd3 16. Rfe1 Bd7 17. Rad1 Qf5 18. Nh4 Qh5 19. Bc3 Rad8 20. Qc4 Bc8 21.
Bf3 Qf7 22. Rxd8 Bxd8 23. Bxc6 bxc6 24. Bb4 Re8 25. Nf3 Bb6 26. Bc5 Qh5 27. Ne5
Bc7 28. f4 Bxe5 29. Rxe5 Qd1+ 30. Kg2 Rd8 31. Nd4 Rd5 32. Bxa7 $4 ({A very bad
slip, after which Black developes an irresistible attack. Essential was} 32.
Re2) {[%tqu "En","Black's attack needs extra power. How can Black fuel it up?",
"Try to bring your bishop into attack.","Play energetically not to allow White
any time for defence.","c6c5","This energetic pawn thrust spells a quick end
for White.",6]} 32... c5 $1 {[%csl Rg2][%cal Gc8b7,Gb7g2] Now the black bishop
comes into action with decisive effect.} 33. Nf3 ({Or} 33. Bxc5 Rxe5 34. fxe5
Bb7+ 35. Kf2 (35. Kh3 Qg4#) 35... Ng4#) 33... Bb7 34. Qe2 (34. Qf1 {is refuted
by} Rd2+) 34... Rd2 $1 {[%cal Gb7g2] The simplest and most elegant way to
conclude the game.} 0-1